100 Busiest Airports in the U.S. - Statistics

General Stats
  • This quiz has been taken 256 times
    252 since last reset
  • The average score is 67 of 100
Answer Stats
Hint (Passengers) Airport % Correct
52,486,127 Atlanta
94%
42,940,050 Los Angeles
93%
35,770,570 Dallas/Fort Worth
92%
27,706,442 San Francisco
91%
21,315,009 Miami
90%
20,686,410 Boston
89%
33,575,149 Denver
88%
1,510,469 | 24,564,014 Orlando
88%
22,410,533 Phoenix
88%
24,961,558 Seattle
88%
18,122,016 Detroit
87%
5,747,537 Kansas City
86%
10,922,377 Tampa
86%
24,181,051 Charlotte
85%
24,414,495 Las Vegas
85%
23,151,529 Newark
85%
1,087,606 | 9,789,568 Portland
85%
12,640,740 San Diego
85%
4,155,133 Columbus
84%
19,152,727 Minneapolis
84%
8,922,998 Nashville
84%
8,498,092 Austin
83%
4,883,595 Cleveland
83%
6,857,851 New Orleans
83%
7,752,773 St. Louis
83%
13,238,628 Baltimore
82%
4,395,571 Cincinnati
82%
15,995,429 Philadelphia
82%
4,683,917 Indianapolis
81%
2,306,590 Memphis
81%
6,448,574 Sacramento
81%
40,876,846 Chicago O'Hare
80%
3,472,151 Jacksonville
80%
3,358,255 Milwaukee
79%
6,906,877 Raleigh
79%
9,892,979 Honolulu
78%
2,131,687 Oklahoma City
78%
12,640,740 Salt Lake City
78%
2,034,716 Louisville
77%
31,118,728 New York JFK
77%
2,450,254 Omaha
77%
4,675,250 Pittsburgh
77%
5,020,733 San Antonio
77%
7,675,954 San Jose
77%
15,391,626 New York LaGuardia
74%
6,540,412 Oakland
74%
2,448,150 Buffalo
73%
1,737,737 El Paso
73%
17,942,566 Fort Lauderdale
73%
2,653,617 Anchorage
71%
2,637,554 Albuquerque
70%
2,374,632 Charleston
70%
2,157,085 Reno
70%
3,318,130 Hartford
68%
1,965,055 Providence
68%
1,844,785 Tucson
68%
11,868,077 Washington Dulles
68%
2,053,852 Boise
67%
10,063,812 Chicago Midway
67%
1,420,670 Des Moines
67%
964,591 Fresno
67%
1,502,074 Tulsa
67%
1,510,503 Birmingham
66%
2,187,204 Richmond
66%
1,458,392 Savannah
61%
11,576,064 Washington Reagan
61%
21,897,017 Houston Bush
60%
1,083,826 Little Rock
58%
1,987,016 Norfolk
58%
1,276,043 Rochester
58%
1,940,820 Spokane
58%
1,495,021 Albany
57%
1,073,053 Greensboro
57%
1,236,228 Knoxville
57%
1,783,677 Grand Rapids
54%
1,152,652 Madison
54%
7,056,967 Houston Hobby
53%
1,748,940 Long Beach
53%
5,039,408 Fort Myers
52%
8,068,752 Dallas Love
51%
1,267,136 Syracuse
51%
2,985,436 Burbank
49%
2,717,456 Ontario
49%
5,150,370 Orange County
45%
1,098,227 Pensacola
37%
974,399 Sarasota
37%
4,551,439 San Juan
34%
1,307,413 Palm Springs
33%
1,282,399 Myrtle Beach
30%
3,452,636 Palm Beach
30%
3,776,388 Kahului
28%
1,925,951 Kona
27%
1,629,310 Lihue
26%
887,087 Bentonville
11%
876,344 Phoenix-Mesa
9%
863,381 Westchester
9%
1,269,096 Greenville-Spartanburg
6%
1,125,744 St. Petersburg-Clearwater
6%
No matching quizzes found
Score Distribution
Percent of People with Each Score
Percentile by Number Answered
Your Score History
You have not taken this quiz since the last reset